| 000 | 00682nam a22001817a 4500 | ||
|---|---|---|---|
| 005 | 20241122151230.0 | ||
| 008 | 241122b |||||||| |||| 00| 0 eng d | ||
| 020 | _a9780131276291 | ||
| 050 | _aQA3003 HAE | ||
| 100 | _aHaeussler, Ernest F. Jr | ||
| 245 |
_aIntroductory Mathematical Analysis/ _bfor business, economics and the life and social sciences _cErnest F. Haeussler, Jr., Richard S. Paul & R. J. Wood |
||
| 250 |
_a11th Ed. _binternational edition |
||
| 260 |
_aUpper Saddle River, NewJersey _bPearson Prentice Hall _c2005 |
||
| 300 |
_axiv.971. various paging _bill. some color _c25cm |
||
| 700 | _aPaul, Richard S. | ||
| 700 | _aWood, R. J. | ||
| 942 |
_2lcc _cBK _e11th Ed. _n0 |
||
| 999 |
_c1447 _d1447 |
||